[Event "ch-USA w 2015"]
[Site "Saint Louis USA"]
[Date "2015.04.01"]
[Round "1.5"]
[White "Yu, Jennifer R"]
[Black "Sharevich, Anna"]
[Result "0-1"]
[WhiteElo "2180"]
[BlackElo "2267"]
[PlyCount "114"]
[EventDate "2015.04.01"]

1. c4 e5 2. Nc3 Nc6 3. Nf3 Nf6 4. d4 e4 5. Ng5 Bb4 6. d5 Ne5 7. Qd4 d6 8. Ngxe4
Nxe4 9. Qxe4 f5 10. Qc2 O-O 11. e3 f4 12. exf4 Bf5 13. Qb3 Bc5 14. Be3 Nd7 15.
Be2 Bxe3 16. fxe3 Nc5 17. Qd1 Qh4+ 18. g3 Qh3 19. Qd4 Rae8 20. O-O-O Ne4 21.
Rdf1 Re7 22. Nxe4 Rxe4 23. Qd2 Rfe8 24. Re1 R4e7 25. Bf3 Be4 26. Bxe4 Rxe4 27.
b3 Qd7 28. Re2 b5 29. cxb5 Qxb5 30. Rhe1 a5 31. Qc3 Qxd5 32. Qxc7 a4 33. Rd2
Qa8 34. Kb1 axb3 35. axb3 Qa3 36. Qb7 Rb4 37. Qd5+ Kh8 38. Rb2 Ra8 39. Qc6 Rbb8
40. Rc1 Qa1+ 41. Kc2 Qa7 42. Kd2 Re8 43. Rc3 d5 44. Rd3 Rad8 45. Rc2 d4 46. e4
Qa5+ 47. Ke2 Qh5+ 48. Ke1 h6 49. b4 Ra8 50. h4 Qg4 51. Re2 Rec8 52. Qd5 Ra1+
53. Kf2 Rcc1 54. Qxd4 Rf1+ 55. Ke3 Qf3+ 56. Kd2 Rfd1+ 57. Kc3 Rxd3+ 0-1

[Event "ch-USA w 2015"]
[Site "Saint Louis USA"]
[Date "2015.04.04"]
[Round "4.5"]
[White "Wang, Annie"]
[Black "Foisor, Sabina-Francesca"]
[Result "0-1"]
[WhiteElo "1901"]
[BlackElo "2276"]
[PlyCount "116"]
[EventDate "2015.04.01"]

1. d4 d5 2. c4 c6 3. cxd5 cxd5 4. Nf3 Nf6 5. Nc3 Nc6 6. Bf4 Nh5 7. Be5 f6 8.
Bg3 Nxg3 9. hxg3 e5 10. e3 e4 11. Nd2 Be6 12. a3 Be7 13. Be2 O-O 14. b4 f5 15.
Nb3 Bf7 16. Rc1 a5 17. b5 Na7 18. a4 b6 19. Bh5 g6 20. Be2 Qd6 21. O-O h5 22.
Qe1 Rae8 23. Nb1 Bd8 24. Rc2 Kg7 25. Qc1 Rh8 26. f4 exf3 27. Rxf3 Qb4 28. N3d2
Bg5 29. Nf1 Rc8 30. Rxc8 Rxc8 31. Qd1 Qb2 32. Qd3 Rc1 33. Nbd2 Rc3 34. Qb1 Qa3
35. Qe1 Rc1 36. Qf2 Qxa4 37. Bd3 Be6 38. Qe2 Qb4 39. Kh2 a4 40. Rf2 a3 41. Nf3
Bf6 42. Nh4 Bxh4 43. gxh4 Bd7 44. Qf3 Qd6+ 45. Ng3 Nxb5 46. Qe2 Nc7 47. Qd2 Rc6
48. Rf4 Ne6 49. Rf3 Rc8 50. Kg1 Nf8 51. Qf2 Rc1+ 52. Kh2 Nh7 53. Qd2 Rc7 54.
Kg1 Nf6 55. Ne2 b5 56. Bb1 b4 57. Qd3 Ne4 58. Qb3 Nd2 0-1